logo

Bir Sreshtho Munshi Abdur Rouf Library
Jhenaidah Cadet College

Encyclopedia of computer science & information technology : (Record no. 717)

MARC details
000 -LEADER
fixed length control field 00681nam a2200241 a 4500
001 - CONTROL NUMBER
JCCL Control Number 717
003 - CONTROL NUMBER IDENTIFIER
JCCL marc code BD-JhCC
005 - DATE AND TIME OF LATEST TRANSACTION
control field 20171011123018.0
008 - FIXED-LENGTH DATA ELEMENTS--GENERAL INFORMATION
fixed length control field 171009s2010 ii a|||| |||| 000 0 eng d
020 ## - INTERNATIONAL STANDARD BOOK NUMBER
International Standard Book Number 9788131307861
035 ## - SYSTEM CONTROL NUMBER
system control number (BD-JhCC) 717
040 ## - CATALOGING SOURCE
Original cataloging agency BD-JhCC
Modifying agency BD-JhCC
041 ## - LANGUAGE CODE
Language code of Book eng
082 ## - DEWEY DECIMAL CLASSIFICATION NUMBER
DDC Edition number 22
Classification number 004.03
Author mark and Year BAN 2010
100 ## - MAIN ENTRY--PERSONAL NAME
Personal name Bansal, S. K.
245 ## - TITLE STATEMENT
Title Encyclopedia of computer science & information technology :
Statement of responsibility, etc S. K. Bansal
Remainder of title dictionary of IT temrm /
260 ## - PUBLICATION, DISTRIBUTION, ETC. (IMPRINT)
Place of publication, distribution, etc New Delhi :
Name of publisher, distributor, etc A P H Publ. Corp.,
Date of publication, distribution, etc 2010.
300 ## - PHYSICAL DESCRIPTION
Pagination vii, 333 p. v-10 :
Other physical details ill,
Dimensions 22 cm.
650 ## - SUBJECT ADDED ENTRY--TOPICAL TERM
Topical term or geographic name as entry element Information technology
650 ## - SUBJECT ADDED ENTRY--TOPICAL TERM
Topical term or geographic name as entry element Computers
942 ## - ADDED ENTRY ELEMENTS (KOHA)
Source of classification or shelving scheme Dewey Decimal Classification
Koha item type Books
Holdings
Source of classification or shelving scheme volume number Damaged status Not for loan Home library Current library Shelving location Date of accession Cost, normal purchase price Total Checkouts Full call number Barcode Date last seen Copy number Koha item type
Dewey Decimal Classification V-10     JCC Rouf Library JCC Rouf Library General Stacks 10/09/2017 12000.00   004.03 BAN 2010 340 10/09/2017 C-1 Books

JCC Library | Contacts | JCC Home

Last Update on 23 September 2017
Copyright @ 2017-2020 JCC Rouf Library
Rouf Library, Jhenidah Cadet College (JCC), Bangladesh